Ładuje się......

An Introduction to Nuclear Physics

Opis bibliograficzny
1. autor: Jana,Yatramohan (Autor)
Język:English
Wydane: New Delhi Narosa 2015
Hasła przedmiotowe:
LEADER 00434nam a22001577a 4500
005 20160318125203.0
008 151005t xxu||||| |||| 00| 0 eng d
082 |a 539.7  |b JAN 
100 |a Jana,Yatramohan  |e Author  |9 9441 
245 |a An Introduction to Nuclear Physics  |c Yatramohan Jana 
300 |a xvi,768p. 
653 |a Nuclear physics 
942 |c BK  |6 _ 
260 |a New Delhi  |b Narosa  |c 2015 
020 |a 978-81-8487-398-6 
999 |c 151410  |d 151410